000 00331 a2200157 4500
001 154907
040 _cEscola São Tomás de Aquino
100 _aFONSECA, Martha Reis Marques
240 1 0 _aQuímica 3
_lpor
245 1 0 _aQuímica 3
300 _a462
362 0 _a2011
440 1 _aFTD
697 _aQUÍMICA
942 _cBK
999 _c154907
_d154907